Normal view
MARC view
- Akkas, Arisha Saeed
Entry Personal Name
001 - CONTROL NUMBER
- control field: 97366
003 - CONTROL NUMBER IDENTIFIER
- control field: NUST
005 - DATE AND TIME OF LATEST TRANSACTION
- control field: 20220816093756.0
008 - FIXED-LENGTH DATA ELEMENTS
- fixed length control field: 220816|| aca||aabn | a|a d
040 ## - CATALOGING SOURCE
- Original cataloging agency: NUST
- Transcribing agency: NUST
100 ## - HEADING--PERSONAL NAME
- Personal name: Akkas, Arisha Saeed
670 ## - SOURCE DATA FOUND
- Source citation: Work cat.: (NUST): Akkas, Arisha Saeed , Building Household Electricity Load Profile Using Machine Learning /
